00929naa a22002537a 4500001001000000003000900010005001700019007000300036008003400039040005400073041000900127072000800136100001800144100001800162100001400180111007800194245007700272260004200349500011600391650001600507650002000523650001900543773011300562BR8105135BR-BrBNA20240918174829.0ta230509b bl.||||| |||| 00| 0 por d aBR-BrBNAbporcBiblioteca Nacional de Agricultura a(Pt) aP051 aEsteves, R.G.1 aNobrega, C.N.1 aSakai, M.1 a2. Congresso Brasileiro de EnergiacRio de Janeiro, RJ (Brazil)dApr 19811 aSeguranca intrinseca no projeto de combustivel nuclear [energia nuclear]3 aRio de Janeiro, RJ (Brasil): c1981.  aAnais do 2. Congresso Brasileiro de Energia Rio de Janeiro, RJ (Brasil): 1981. v. 1 p. 71-84 (BR8105135-AM)P05  aCOMBUSTIVEL aENERGIA NUCLEAR aREATOR NUCLEAR0 tAnais do 2. Congresso Brasileiro de EnergiawP05 BR8105135gRio de Janeiro, RJ (Brasil), 1981. v. 1 p. 71-84